Can information campaigns raise awareness and local participation in primary education? (Record no. 73731)

000 -LEADER
fixed length control field 01464pab a2200181 454500
008 - FIXED-LENGTH DATA ELEMENTS--GENERAL INFORMATION
fixed length control field 180718b2007 xxu||||| |||| 00| 0 eng d
100 ## - MAIN ENTRY--PERSONAL NAME
Personal name Banerjee, Abhijit et al.
245 ## - TITLE STATEMENT
Title Can information campaigns raise awareness and local participation in primary education?
260 ## - PUBLICATION, DISTRIBUTION, ETC.
Date of publication, distribution, etc. 2007
300 ## - PHYSICAL DESCRIPTION
Extent p.1365-372.
362 ## - DATES OF PUBLICATION AND/OR SEQUENTIAL DESIGNATION
Dates of publication and/or sequential designation 14 Apr
520 ## - SUMMARY, ETC.
Summary, etc. A central plank of public policy for improving primary education services in India is the participation of village education committees, consisting of village government leaders, parents, and teachers. This paper reports the findings from a survey in a rural district in Uttar Pradesh. Rural households, parents, teachers and VEC members were surveyed on the status of education services and the extent of community participation in the public delivery of education services. Most parents do not know that a VEC exists, public participation in improving education in negligible, and large numbers of children in the villages have not acquired basic competencies of reading, writing, and arithmetic. Based on the findingsof the baseline survey, this paper also describes a set of information and advocacy campaigns that have been designed to explore whether local participation can increase, and future research plans to evaluate the impact of these interventions. - Reproduced.
650 ## - SUBJECT ADDED ENTRY--TOPICAL TERM
Topical term or geographic name entry element Education
650 ## - SUBJECT ADDED ENTRY--TOPICAL TERM
Topical term or geographic name entry element Primary education
773 ## - HOST ITEM ENTRY
Main entry heading Economic and Political Weekly
908 ## - PUT COMMAND PARAMETER (RLIN)
Put command parameter N
909 ## -
-- 73731
Holdings
Withdrawn status Lost status Damaged status Not for loan Permanent Location Current Location Date acquired Serial Enumeration / chronology Barcode Date last seen Price effective from Koha item type
        Indian Institute of Public Administration Indian Institute of Public Administration 2018-07-19 Volume no: 42, Issue no: 15 AR74191 2018-07-19 2018-07-19 Articles

Powered by Koha